Responses for show #7183 - Wednesday, December 2, 2015

Contestants

Brad Rudy, a retired railroad analyst from Marietta, Georgia

Nicole Stanley, a medical student from Portland, Oregon

Joyce Hshieh, an actress and writer from Chicago, Illinois (whose 2-day cash winnings total $26,602)

Jeopardy! Round responses

A FETA COMPLI
VERBS
WORKING BOOK TITLES
SHIP SHAPE
CITY WALK
REALITY SHOW SENDOFF LINES
    $200 7
Greece

Brad
    $200 6
pan

Nicole
    $200 1
War and Peace

Nicole
    $200 23
(Alex: We have less than a minute now.)

yachts

Joyce
    $200 12
(Brad: What is Amsterdam?)

Copenhagen

JoyceBrad
    $200 14
The Apprentice

Brad
    $400 22
(Joyce: What is a cow?)
(Nicole: What is a buffalo?)

a sheep

JoyceNicoleBrad
    $400 8
sniggle

Joyce
    $400 2
Harper Lee

Brad
    $400 28
[The end-of-round signal sounds.]

cruiser

Nicole
    $400 13
Charlotte

Brad
    $400 15
Survivor

Joyce
    $600 9
(Joyce: What is un[*]?)

ravel

Joyce
    $600 3
The Goblet of Fire

Joyce
    $600 24
(South) Korea

Brad
    $600 19
Nottingham

Brad
    $600 16
(Nicole: What is Hell's--Hell's Kitchen?)

Top Chef

JoyceNicole
    $800 10
skunk

Nicole
    $1,000 4
(Alex: "The best laid plans [*].")

Of Mice and Men

Joyce
    $800 27
(Brad: What are masts?)

hulls

Brad
Triple Stumper
    $800 20
St. Louis

Brad
    $800 17
Project Runway

Joyce
    $1000 26
the Odyssey

Brad
    $1000 11
harrow

Triple Stumper
    $1000 5
Sense and Sensibility

Joyce
    $1000 25
battle cruisers (or battleships)

Triple Stumper
    $1000 21
Avignon

Joyce
    $1000 18
(Brad: Oh! I was gonna say Project Runway, but that's been done already.)

RuPaul's Drag Race

NicoleBrad

Scores at the first commercial break (after clue 15):

Joyce Nicole Brad
$4,200 $1,200 $1,000

Scores at the end of the Jeopardy! Round:

Joyce Nicole Brad
$6,400 $1,600 $2,600

Double Jeopardy! Round responses

BALLPLAYERS IN UNIFORM
LET'S CONTINUE TO PODCAST
THE 1600s
"RIME" TIME
IT'S JUST A STAGE
STATE ANIMAL FIGHT!
(Alex: We have imagined some epic battles for you.)
    $400 7
Money

Joyce
    $400 2
the Fire of London

Nicole
    $400 13
grime

Joyce
    $400 11
the Czech Republic

Nicole
    $400 25
the beaver

Nicole
    $800 8
Gilbert Gottfried

Joyce
    $800 3
(Joyce: What is Jamestown?)
(Nicole: What is... Cape Cod?)

Plymouth

JoyceNicoleBrad
    $800 19
a trimester

Triple Stumper
    $800 15
the U.K. (or England)

Nicole
    $800 1
(Brad: [*]?)
[Accepted without comment, possibly because Alex misheard "White-tailed" as "What is"]

white-tailed deer

Brad
    $1200 26
[The end-of-round signal sounds.]

Ty Cobb

Triple Stumper
    $2,000 9
the super ego

Joyce
    $1200 4
(René) Descartes

Joyce
    $1200 20
(Alex: You've got it, with a minute left.)

a prime number

Brad
    $1200 16
the Jurassic

Brad
    $1200 12
a Boston terrier

Brad
    $1600 10
Arthur C. Clarke

Brad
    $1600 5
Charles I

Joyce
    $1600 21
Crimea

Nicole
    $1600 17
lime

Nicole
    $1600 23
an armadillo

Nicole
    $2000 14
Fareed Zakaria

Joyce
    $2,000 6
(Joyce: [Whispers] Oh.)
(Alex: Not coming?)
[Beep]
(Joyce: No. Who is Ashoka?)

Shah Jahan

Joyce
    $2000 22
thoughtcrime

Triple Stumper
    $2000 18
an extinction event

Brad
    $2000 24
(Nicole: What is Tennessee?)
(Alex: Be more specific.)
(Nicole: Tennessee horse?)
(Alex: No, not enough.)

the Tennessee walking horse

Nicole
Triple Stumper

Scores at the end of the Double Jeopardy! Round:

Joyce Nicole Brad
$12,000 $5,600 $11,400

[wagering suggestions for these scores]

Final Jeopardy! Round responses

NEWLY INDEPENDENT NATIONS
(Alex: [To Nicole] What is [*]?--which achieved its independence from Serbia in 2008.)
NicoleWhat is Kosovo?
$5,600
BradWhat is Serbia?
$5,000
JoyceWhat is Kosovo
$801
Kosovo

Final scores:

Joyce Nicole Brad
$12,801 $11,200 $6,400
3-day champion: $39,403 2nd place: $2,000 3rd place: $1,000

Game dynamics:

Coryat scores:

Joyce Nicole Brad
$13,000 $5,600 $11,400
18 R
(including 2 DDs),
3 W
(including 1 DD)
12 R,
4 W
16 R,
3 W

Combined Coryat: $30,000

The J! Archive is created by fans, for fans. The Jeopardy! game show and all elements thereof, including but not limited to copyright and trademark thereto, are the property of Jeopardy Productions, Inc. and are protected under law. This website is not affiliated with, sponsored by, or operated by Jeopardy Productions, Inc. Join the discussion at JBoard.tv.